|
|
|
|
| LEADER |
007810000a22002290004500 |
| 020 |
|
|
|a 0-419-14660-1
|
| 082 |
|
|
|a 808.066 5 P3
|
| 100 |
|
|
|a Kirkman, John; Author
|
| 100 |
|
|
|a Turk, Christopher; Author
|
| 245 |
|
|
|a Effective writing: improving scientific, technical and business communication
|
| 250 |
|
|
|a Ed.2
|
| 260 |
|
|
|a London, Spon Press
|
| 260 |
|
|
|c 2003
|
| 460 |
|
|
|a ix,277p
|
| 465 |
|
|
|a Rs. 225.00
|
| 500 |
|
|
|a Christopher Turk and John Kirkman
|
| 500 |
|
|
|a Includes bibliographical references and index
|
| 650 |
|
|
|a Scientific writing
|
| 650 |
|
|
|a Technical writing
|
| 942 |
|
|
|c BK
|
| 999 |
|
|
|c 34165
|d 34165
|
| 952 |
|
|
|0 0
|1 0
|4 0
|6 808_066000000000000_5_P3
|7 0
|8 ENG
|9 34475
|a MGUL
|b MGUL
|d 2013-07-16
|e Rs. 225.00
|l 1
|o 808.066 5 P3
|p 34574
|r 2014-07-12
|s 2014-07-09
|w 2013-07-16
|y BK
|